Working out of poverty job creation and the quality of growth in Africa /

Bibliographic Details
Main Author: Fox, M. Louise.
Corporate Author: ProQuest (Firm)
Other Authors: Gaal, Melissa Sekkel, 1979-
Format: Electronic eBook
Language:English
Published: Washington, D.C. : World Bank, c2008.
Series:Directions in development
Subjects:
Online Access:Click to View
LEADER 01525nam a22004214a 4500
001 EBC459456
003 MiAaPQ
005 20200520144314.0
006 m o d |
007 cr cn|||||||||
008 071126s2008 dcua sb i000 0 eng
010 |z  2007047529 
020 |z 9780821374429 (alk. paper) 
020 |z 9780821374436 
035 |a (MiAaPQ)EBC459456 
035 |a (Au-PeEL)EBL459456 
035 |a (CaPaEBR)ebr10231568 
035 |a (CaONFJC)MIL138592 
035 |a (OCoLC)423271242 
040 |a MiAaPQ  |c MiAaPQ  |d MiAaPQ 
043 |a f------ 
050 4 |a HD5837.A6  |b F69 2008 
082 0 4 |a 331.12096  |2 22 
100 1 |a Fox, M. Louise. 
245 1 0 |a Working out of poverty  |h [electronic resource] :  |b job creation and the quality of growth in Africa /  |c Louise Fox, Melissa Sekkel Gaal. 
260 |a Washington, D.C. :  |b World Bank,  |c c2008. 
300 |a xi, 81 p. :  |b ill. 
490 0 |a Directions in development 
504 |a Includes bibliographical references (p. 69-76). 
533 |a Electronic reproduction. Ann Arbor, MI : ProQuest, 2015. Available via World Wide Web. Access may be limited to ProQuest affiliated libraries. 
650 0 |a Job creation  |z Africa. 
650 0 |a Labor supply  |z Africa. 
650 0 |a Labor market  |z Africa. 
651 0 |a Africa  |x Economic conditions. 
655 4 |a Electronic books. 
700 1 |a Gaal, Melissa Sekkel,  |d 1979- 
710 2 |a ProQuest (Firm) 
856 4 0 |u https://ebookcentral.proquest.com/lib/matrademy/detail.action?docID=459456  |z Click to View